| 000 | 00866nam a2200265 a 4500 | ||
|---|---|---|---|
| 005 | 20180803165106.0 | ||
| 008 | 140311s2002 ck o fr|||| 001 0 spa d | ||
| 020 | _a9583339865 | ||
| 040 |
_aCO-BoIAVH _cCO-BoIAVH |
||
| 041 | 0 | _aspa | |
| 044 | _ack | ||
| 082 | 0 | 4 |
_a582.16 _bV31a |
| 100 | 1 | _aVarón P., Teresita | |
| 245 | 1 | 0 |
_aArboles urbanos : _blas especies más comunes descritas e ilustradas |
| 250 | _aPrimera edición | ||
| 260 |
_aMedellín : _bCORANTIOQUIA , _c2002. |
||
| 300 |
_a143 páginas : _bFotografías ; _c22 x 12 cm. |
||
| 504 | _aIncluye referencias bibliográficas página 143. | ||
| 650 | 1 | 6 |
_aArboles urbanos _v Fotografías _zAntioquía (Colombia) |
| 650 | 2 | 6 | _aTaxonomía |
| 650 | 2 | 6 | _aInventarios |
| 700 | 1 | _aMorales S., León | |
| 700 | 1 | _aLondoño F., J. Alberto | |
| 942 |
_2ddc _cLIBRO |
||
| 999 |
_c3468 _d3468 |
||